Bí quyết học từ vựng tiếng Anh

Sách được trình bày theo dạng các bài riêng biệt nhằm giúp bạn đọc ôn lại cặn kẽ các kiến thức ngữ pháp, từ vựng, cách dùng đúng từ tiếng Anh ở trình độ cơ bản và nâng cao. Giúp các bạn chuẩn bị kiến thức tốt cho các kì thi môn ngoại...

詳細記述

保存先:
書誌詳細
第一著者: Phan, Hà
フォーマット: 図書
言語:Undetermined
出版事項: Hà Nội Giáo dục 2007
主題:
タグ: タグ追加
タグなし, このレコードへの初めてのタグを付けませんか!
Thư viện lưu trữ: Trung tâm Học liệu Trường Đại học Cần Thơ
LEADER 01017nam a2200217Ia 4500
001 CTU_133463
008 210402s9999 xx 000 0 und d
020 |c 8000 
082 |a 425 
082 |b H100 
100 |a Phan, Hà 
245 0 |a Bí quyết học từ vựng tiếng Anh 
245 0 |c Phan Hà 
260 |a Hà Nội 
260 |b Giáo dục 
260 |c 2007 
520 |a Sách được trình bày theo dạng các bài riêng biệt nhằm giúp bạn đọc ôn lại cặn kẽ các kiến thức ngữ pháp, từ vựng, cách dùng đúng từ tiếng Anh ở trình độ cơ bản và nâng cao. Giúp các bạn chuẩn bị kiến thức tốt cho các kì thi môn ngoại ngữ. 
650 |a English language - glossaries, vocabularies, etc,English language,Ngôn ngữ Anh 
650 |x Vocabularies,Từ vựng 
904 |i Trọng Hải 
980 |a Trung tâm Học liệu Trường Đại học Cần Thơ